FAO soils bulletin; N77 Soil management and conservation for small farms; Strategies and methods of introduction, technologies and equipment; Experiences from the State of Santa Catarina, Brazil

Na minha lista:
Detalhes bibliográficos
Autor principal: Valdemar Hercilio de Freitas
Formato: Livro
Idioma:Undetermined
Publicado em: Rome FAO 2000
Assuntos:
Tags: Adicionar Tag
Sem tags, seja o primeiro a adicionar uma tag!
Thư viện lưu trữ: Trung tâm Học liệu Trường Đại học Cần Thơ
LEADER 00660nam a2200181Ia 4500
001 CTU_42742
008 210402s9999 xx 000 0 und d
082 |a 631 
082 |b S683/N77 
100 |a Valdemar Hercilio de Freitas 
245 0 |a FAO soils bulletin; N77 
245 0 |b Soil management and conservation for small farms; Strategies and methods of introduction, technologies and equipment; Experiences from the State of Santa Catarina, Brazil 
245 0 |c Valdemar Hercilio de Freitas, FAO 
260 |a Rome 
260 |b FAO 
260 |c 2000 
650 |a soil conservation,soil science 
980 |a Trung tâm Học liệu Trường Đại học Cần Thơ